UBT Library

International research on the impact of accountability systems / (Record no. 43065)

000 -LEADER
fixed length control field 00990cam a22003134a 4500
001 - CONTROL NUMBER
control field 14432625
005 - DATE AND TIME OF LATEST TRANSACTION
control field 20180221073717.0
008 - FIXED-LENGTH DATA ELEMENTS--GENERAL INFORMATION
fixed length control field 060629s2007 mdua b 000 0 eng c
010 ## - LIBRARY OF CONGRESS CONTROL NUMBER
LC control number 2006930214
020 ## - INTERNATIONAL STANDARD BOOK NUMBER
International Standard Book Number 1578865476 (pbk. )
020 ## - INTERNATIONAL STANDARD BOOK NUMBER
International Standard Book Number 9781578865475 (pbk. )
020 ## - INTERNATIONAL STANDARD BOOK NUMBER
International Standard Book Number 1578865468 (cloth)
020 ## - INTERNATIONAL STANDARD BOOK NUMBER
International Standard Book Number 9781578865468 (cloth)
035 ## - SYSTEM CONTROL NUMBER
System control number (OCoLC)ocm82208742
040 ## - CATALOGING SOURCE
Original cataloging agency CNU
Transcribing agency CNU
Modifying agency OCLCQ
-- YDXCP
-- NOC
-- WAU
-- DLC
041 ## - LANGUAGE CODE
Language code of text/sound track or separate title eng
042 ## - AUTHENTICATION CODE
Authentication code pcc
043 ## - GEOGRAPHIC AREA CODE
Geographic area code n-us---
080 ## - UNIVERSAL DECIMAL CLASSIFICATION NUMBER
Universal Decimal Classification number 379.26 DER
082 00 - DEWEY DECIMAL CLASSIFICATION NUMBER
Classification number 379.26 DER
Edition number 22
100 ## - Rafti
Rafti 47
101 ## - Shkurtesa
Shkurtesa EDU
245 00 - TITLE STATEMENT
Title International research on the impact of accountability systems /
Statement of responsibility, etc edited by Louise F. Deretchin and Cheryl J. Craig.
504 ## - BIBLIOGRAPHY, ETC. NOTE
Bibliography, etc Includes bibliographical references.
906 ## - LOCAL DATA ELEMENT F, LDF (RLIN)
a 7
b cbc
c pccadap
d 2
e ncip
f 20
g y-gencatlg
942 ## - ADDED ENTRY ELEMENTS (KOHA)
Source of classification or shelving scheme
Item type Books
Holdings
Withdrawn status Lost status Source of classification or shelving scheme Damaged status Not for loan Collection code Permanent location Current location Shelving location Date acquired Total Checkouts Full call number Barcode Date last seen Price effective from Koha item type
          Koleksioni i përgjithshem UBT - Lipjan UBT - Lipjan Koleksioni i përgjithshem 02/21/2018   379.26 DER 002-2999452 02/21/2018 02/21/2018 Books
UBT Library © 2015-2024. All rights reserved University Education for Business and Technology